Music Quiz

Random Music or Bands Quiz

4 Famous Band Trios Quiz Stats

Quiz Updated Mar 3, 2014

Also try: Famous Trio Bands
Challenge
Share
Tweet
Score 0/16 Timer 03:00
1 Play Today
% Correct
Nirvana
87.5%
The Police
81.3%
Kurt Cobain
77.4%
Sting
74.3%
Dave Grohl
68.8%
Rush
47.9%
Cream
38.1%
Geddy Lee
38%
% Correct
Eric Clapton
35.6%
Stewart Copeland
34.1%
Krist Novoselic
31.3%
Neil Peart
30.5%
Andy Summers
28.8%
Ginger Baker
26.9%
Alex Lifeson
21.5%
Jack Bruce
19.4%

You're not logged in!

Compare scores with friends on all Sporcle quizzes.
Join for Free
OR
Log In

You Might Also Like...

Show Comments

Extras

Top Quizzes Today


Score Distribution

Your Account Isn't Verified!

In order to create a playlist on Sporcle, you need to verify the email address you used during registration. Go to your Sporcle Settings to finish the process.

Report this User

Report this user for behavior that violates our Community Guidelines.

Details: